000 00284nam a2200121Ia 4500
008 191201s2011 xx 000 0 und d
100 _aSAIYADAIN, Mirza S
245 0 _aHuman Resources Management
260 _aN. Delhi
_bTMH
_c2011
300 _a551
650 _aBBA
942 _2ddc
_cBK
999 _c6208
_d6208